Catálogo público

Grasa abdominal y visceral en pollos de engorda suplementados con alicina / (Record no. 170236)

MARC details
000 -CABECERA
campo de control de longitud fija 01338nam a2200361Ia 4500
001 - NÚMERO DE CONTROL
campo de control Z_6978
003 - IDENTIFICADOR DEL NÚMERO DE CONTROL
campo de control CHAP
005 - FECHA Y HORA DE LA ÚLTIMA TRANSACCIÓN
campo de control 20221114182050.0
008 - DATOS DE LONGITUD FIJA--INFORMACIÓN GENERAL
campo de control de longitud fija 220113s2017 xx 000 0 und d
010 ## - NÚMERO DE CONTROL DE LA BIBLIOTECA DEL CONGRESO
Número de control de LC 170236
040 ## - FUENTE DE LA CATALOGACIÓN
Centro/agencia transcriptor CHAP
090 ## - LOCALMENTE ASIGNADO TIPO-LC NÚMERO DE CLASIFICACIÓN (OCLC); NÚMERO DE CLASIFICACIÓN LOCAL (RLIN)
Número de clasificación (OCLC) (R) ; Numero de clasificación, CALL (RLIN) (NR) Tesis A58 2571
100 ## - ENTRADA PRINCIPAL--NOMBRE DE PERSONA
Nombre de persona Antonio Contreras, Evelin
9 (RLIN) 134608
245 ## - MENCIÓN DE TÍTULO
Título Grasa abdominal y visceral en pollos de engorda suplementados con alicina /
Mención de responsabilidad, etc. Evelin Antonio Contreras y Caroll Paola Pérez Guzmán
260 ## - PUBLICACIÓN, DISTRIBUCIÓN, ETC.
Lugar de publicación, distribución, etc. México :
Nombre del editor, distribuidor, etc. El autor,
Fecha de publicación, distribución, etc. 2017
300 ## - DESCRIPCIÓN FÍSICA
Extensión 75 p
502 ## - NOTA DE TESIS
Nota de tesis Tesis (Ingeniero Agrónomo Especialista en Zootecnia) -- UACh, 2017 \ Dirección: Fernando González Cerón; asesoría: Arturo Pro Martínez y Artemio Jovanny Vargas Galicia
650 ## - PUNTO DE ACCESO ADICIONAL DE MATERIA--TÉRMINO DE MATERIA
Término de materia o nombre geográfico como elemento de entrada Alicina
9 (RLIN) 146464
650 ## - PUNTO DE ACCESO ADICIONAL DE MATERIA--TÉRMINO DE MATERIA
Término de materia o nombre geográfico como elemento de entrada Comportamiento productivo
9 (RLIN) 143438
650 ## - PUNTO DE ACCESO ADICIONAL DE MATERIA--TÉRMINO DE MATERIA
Término de materia o nombre geográfico como elemento de entrada Grasa abdominal
9 (RLIN) 145473
650 ## - PUNTO DE ACCESO ADICIONAL DE MATERIA--TÉRMINO DE MATERIA
Término de materia o nombre geográfico como elemento de entrada Grasa visceral
9 (RLIN) 146465
650 ## - PUNTO DE ACCESO ADICIONAL DE MATERIA--TÉRMINO DE MATERIA
Término de materia o nombre geográfico como elemento de entrada Pollo de engorda
9 (RLIN) 143271
700 ## - PUNTO DE ACCESO ADICIONAL--NOMBRE DE PERSONA
Nombre de persona González Cerón, Fernando, director
9 (RLIN) 146466
700 ## - PUNTO DE ACCESO ADICIONAL--NOMBRE DE PERSONA
Nombre de persona Pro Martínez, Arturo, asesor
9 (RLIN) 144173
700 ## - PUNTO DE ACCESO ADICIONAL--NOMBRE DE PERSONA
Nombre de persona Vargas Galicia, Artemio Jovanny, asesor
9 (RLIN) 145892
700 ## - PUNTO DE ACCESO ADICIONAL--NOMBRE DE PERSONA
Nombre de persona Pérez Guzmán, Caroll Paola, coaut.
9 (RLIN) 146467
856 42 - LOCALIZACIÓN Y ACCESO ELECTRÓNICOS
Identificador Uniforme del Recurso <a href="http://10.13.5.2/tesis/sist114506.pdf">http://10.13.5.2/tesis/sist114506.pdf</a>
Texto de enlace Descargar PDF
901 ## - ELEMENTOS DE DATOS A LOCAL LDA (RLIN)
a TESIS A58 2571
902 ## - ELEMENTOS DE DATOS B LOCAL, LDB (RLIN)
a A
910 ## - DATOS DE OPCIÓN DEL USUARIO (OCLC)
Datos de opción del usuario 2017
942 ## - ELEMENTOS DE PUNTO DE ACCESO ADICIONAL (KOHA)
Tipo de ítem Koha Tesis_
Fuente del sistema de clasificación o colocación Dewey Decimal Classification
942 ## - ELEMENTOS DE PUNTO DE ACCESO ADICIONAL (KOHA)
Tipo de ítem Koha Tesis_
Fuente del sistema de clasificación o colocación Dewey Decimal Classification
Holdings
Estado de retiro Estado de pérdida Fuente del sistema de clasificación o colocación Estado dañado No para préstamo Código de colección Localización permanente Ubicación/localización actual Fecha de adquisición Fuente de adquisición Total de préstamos Signatura topográfica completa Código de barras Fecha visto por última vez Número de copia Precio válido a partir de Tipo de ítem Koha Restricciones de uso
    Clasificación Universidad Autónoma de Chapingo   Excluido de préstamo Tesis Zootecnia Zootecnia 14/08/2018 El autor   Tesis A58 2571 z_T 4840 18/01/2022 1 18/01/2022 CD  
    Clasificación Universidad Autónoma de Chapingo   Excluido de préstamo Tesis Zootecnia Zootecnia 14/08/2018 El autor   Tesis A58 2571 z_T 4841 18/01/2022 2 18/01/2022 CD  
    Clasificación Universidad Autónoma de Chapingo     Tesis Zootecnia Zootecnia 14/08/2018 El autor   Tesis A58 2571 z_T 4842 18/01/2022 3 18/01/2022 Tesis Préstamo 5 días